| 000 | 00540 a2200169 4500 | ||
|---|---|---|---|
| 999 |
_c9007 _d9007 |
||
| 020 | _a9991130004 | ||
| 050 | 0 | 0 | _aKQC390UME1993 |
| 100 | 1 | _aKumar, Umesh. | |
| 245 | 1 | 3 |
_aAn introduction to the African industrial property system / _cby Umesh Kumar. |
| 264 |
_aFlorida; _bMorija printing works, _c1993 |
||
| 300 | _axviii, iv, 348 p. ; | ||
| 500 | _aincludes index | ||
| 504 | _aIncludes bibliographical references (p. x-xiv) and index. | ||
| 650 | 0 | _aIndustrial property | |
| 942 |
_2lcc _cBK _h390 _iUME _kKQC |
||